[Event "Bermuda"]
[Site "Bermuda"]
[Date "2004.01.21"]
[Round "6"]
[White "Gelfand, Boris"]
[Black "Movsesian, Sergei"]
[Result "1/2-1/2"]
[WhiteElo "2709"]
[BlackElo "2639"]
[Annotator "Movsesian,S"]
[PlyCount "76"]
[EventDate "2004.01.15"]
[EventType "tourn"]
[EventRounds "10"]
[EventCountry "BER"]
[EventCategory "16"]
[SourceTitle "CBM 099"]
[Source "ChessBase"]
[SourceDate "2004.03.30"]
[SourceVersion "1"]
[SourceVersionDate "2004.03.30"]
[SourceQuality "1"]

1. d4 {Avrukh,B} Nf6 2. c4 g6 3. Nc3 Bg7 4. e4 d6 5. Be2 O-O 6. Nf3 e5 7. Be3
Na6 8. O-O Ng4 9. Bg5 Qe8 10. dxe5 dxe5 11. Nd2 $5 {An interesting option in
this position. White is trying to delay h2-h3.} ({More popular is} 11. h3)
11... f6 12. Bh4 h5 $5 (12... Nh6 {is another interesting continuation here})
13. a3 {Avrukh,B: 'After a very painful defeat in this line, Boris chooses the
best continuation.'} (13. h3 {'‹' Avrukh,B. looked not too impressive} Nh6 14.
Re1 $6 (14. a3 $142 {Avrukh,B}) 14... c6 15. a3 Be6 16. b4 Rd8 17. Qc2 g5 18.
Bg3 Qg6 19. c5 h4 20. Bh2 g4 $40 {in Gelfand-Topalov, Cap D'Adge (p-off) 2003}
21. hxg4 {Avrukh,B} Nxg4 22. Bxg4 Bxg4 23. f3 Bh6 $1 $17 {0-1 Gelfand,
B-Topalov,V/Cap d'Agde 2003/CBM 98 no vc (44)}) 13... c6 {Avrukh,B: 'This
typical reaction appears to be a novelty, before Black has tried to use the c6
square for his knight, in order to penetrate to d4. Unfortunately Black's last
move has a clear drawback, he is weakening the d6 square and from this moment
White has more or less an easy play.'} (13... Be6 $5 {with quick consolidation
looked more promising here} 14. b4 (14. h3 Nh6 {Avrukh,B} 15. b4 Rd8 16. Bg3 (
16. c5 Nb8 17. f3 Nc6 18. Nd5 Qf7 19. Bc4 Nd4 20. Rc1 {[#]} Rxd5 21. exd5 Bxd5
22. Bxd5 Qxd5 $44 {1/2-1/2 Mikhalevski,V-Comas Fabrego,L/Linares 1997/CBM 58/
[Baburin] (54)}) 16... Nb8 17. Qc2 Nc6 18. Nb3 f5 19. Nd5 Qf7 20. Bh4 Rde8 21.
Bg5 fxe4 22. Qxe4 Nd4 23. Nxd4 exd4 24. Bd3 c6 25. Nf6+ Bxf6 26. Bxh6 Bf5 27.
Qf3 Bg7 $11 {1/2-1/2 Van Wely,L-Comas Fabrego,L/Mondariz 2000/CBM 79 (91)})
14... Rd8 $13) 14. b4 Be6 15. c5 Rd8 16. Qc2 g5 {Avrukh,B: 'Black has to hurry
up in order to create a counterplay on the kingside.'} ({Too slow} 16... Nc7 {
Avrukh,B} 17. Nc4 g5 18. Nd6 Qg6 19. Bg3 (19. Bxg4 Bxg4 20. f3 Bc8 21. Bf2 g4
$132) 19... h4 20. Nf5 $1 {[%cal Gf5e7]} Bxf5 21. exf5 Qh5 22. Bxe5 $1 fxe5 23.
h3 $16) 17. Bg3 h4 18. h3 Nh6 ({Just bad is} 18... hxg3 $2 19. hxg4 Qd7 20.
Rad1 gxf2+ 21. Rxf2 Bxg4 22. Nc4 $16 {and white pieces are dominating}) 19. Bh2
g4 20. hxg4 Nxg4 21. Nc4 (21. Bxg4 $6 Bxg4 22. Nc4 h3 $1 23. f3 hxg2 24. Qxg2
Be6 25. Nd6 Qh5 $13 {with a good play}) 21... Nxh2 (21... Qg6 {Avrukh,B} 22.
Nd6 h3 23. g3 $1 $14 (23. Bg3 Ne3 $1)) 22. Kxh2 Qg6 23. Nd6 Rd7 24. Rad1 (24.
Nd1 $6 {[%cal Gd1e3] Avrukh,B} Bh6 $1 {[%csl Ge3]} 25. Bc4 Bxc4 (25... Nc7 26.
Bxe6+ Nxe6 27. Qb3 Re7) 26. Qxc4+ Kh8 $13 {[%cal Gd7g7]}) 24... Bh6 25. Nf5
Bf4+ 26. Kh1 $6 ({More precise was} 26. Kg1 $16 {avoiding "h" file motifs in
the future.}) 26... Rh7 $1 27. Qd3 ({White has no time for} 27. Rd6 $2 Bxf5 28.
exf5 Qg3 $3 29. Bc4+ Kh8 30. fxg3 hxg3+ 31. Kg1 Be3+ 32. Rf2 gxf2+ $17) ({
An interesting option was:} 27. Bxa6 {Avrukh,B} bxa6 28. Qa4 {but it appears,
that Black has enough offensive resources.} Qg4 $1 {[%cal Gh4h3]} (28... Bc4
$140 $2 29. Qxc6 $1 Bxf1 30. Rxf1 h3 31. g3 Qh5 32. f3 $16) 29. Rd3 (29. f3
$140 Qg3 $1) (29. Qxc6 h3 30. Qxe6+ Kh8 31. Qxf6+ $8 Kg8 32. Qe6+ Kh8 33. Qf6+
$11) 29... Bxf5 30. exf5 h3 31. g3 e4 $1 {[%csl Gd3]} 32. Nxe4 Qe2 {[%csl Gd3,
Ge4,Gf1]} 33. Qd1 Qxe4+ 34. f3 Qxf5 35. gxf4 Rg7 $11) 27... Kh8 28. Qh3 {
Avrukh,B: 'White managed to consolidate his position and his positional
advantage is obvious, though Black is not without chances.'} Nc7 29. Rd6 Bg8 (
29... Re8 30. Rfd1 $16) 30. Rfd1 Ne6 31. Bc4 $2 ({Better was} 31. Rd7 {to
change black's important rook Avrukh,B: 'Black manages to hold the position'}
Bg5 {[%cal Ge6f4] Avrukh,B} (31... Ng5 {Avrukh,B} 32. Rxh7+ (32. Qg4 Be6 $1)
32... Bxh7 33. Qxh4 Nxe4 34. Nxe4 Qxf5 35. Bd3 Bg5 (35... Qg6 36. Nxf6 $1) 36.
Qh5 Qg6 $1) 32. Qg4 Nf4 33. Ne7 $16) 31... Ng5 32. Qd3 Bxc4 $2 {Missing a good
chance to simplify the position:} (32... Nxe4 $1 {was a working trick} 33. Nxe4
(33. Qxe4 {Avrukh,B} Bxc4 34. Qxc4 (34. Rd8 Rg8 $1 {[%csl Gg2]}) 34... Qxf5 35.
Rd8 Bh6 $1) 33... Bxc4 34. Qxc4 Qxf5 35. Rd8 Rxd8 (35... Bh6 $143 {Avrukh,B}
36. R1d6 $1 {[%csl Gf6]} h3 $140 37. Rxf6 hxg2+ 38. Kg1 $18) 36. Rxd8+ Kg7 $13
37. Qd3 $44 {(Avrukh,B) and despite the fact that White has a clear
compensation Black should keep the position.}) 33. Qxc4 Nf7 34. Rd7 $6 (34. Qe2
$1 {was the right move, found by Boris in post-mortem} Nxd6 35. cxd6 Rg8 36.
Qf3 $16) 34... Rg8 35. Qf1 Qg4 36. R1d3 Nh6 $1 {Now black is out of a trouble}
37. Rxh7+ Kxh7 38. Rh3 {'?' Avrukh,B. Avrukh,B: 'Boris has played a very nice
positional game and has got a clear advantage, but right here he misses a
great opportunity to get a winning position.'} (38. f3 $142 $1 {Avrukh,B} Qg5
39. Rd7+ Kh8 40. Nxh6 Qxh6 41. Rxb7 {was an improvement and strangely enough
Black cannot create any serious threats f.e.} h3 42. g4 Qh4 {[%cal Gh4g3]} 43.
Ne2 {[%csl Gg3]} Rd8 44. b5 $1 cxb5 45. Nxf4 exf4 46. c6 Rc8 47. Rxb5 $18 {
[%cal Gb5h5] wins}) 38... Nxf5 (38... Nxf5 39. exf5 {Avrukh,B} Rd8 40. f3 (40.
Rd3 Rd4 $1) 40... Qxf5 41. Rxh4+ Kg7 42. Ne4 Rd4 43. Qe1 {still very
complicated position, but probably about equal.}) 1/2-1/2

[Event "Bermuda"]
[Site "Bermuda"]
[Date "2004.01.24"]
[Round "9"]
[White "Shabalov, Alexander"]
[Black "Movsesian, Sergei"]
[Result "1/2-1/2"]
[WhiteElo "2623"]
[BlackElo "2639"]
[Annotator "Avrukh,B"]
[PlyCount "109"]
[EventDate "2004.01.15"]
[EventType "tourn"]
[EventRounds "10"]
[EventCountry "BER"]
[EventCategory "16"]
[SourceTitle "CBM 099"]
[Source "ChessBase"]
[SourceDate "2004.03.30"]
[SourceVersion "1"]
[SourceVersionDate "2004.03.30"]
[SourceQuality "1"]

1. d4 Nf6 2. c4 g6 3. Nc3 Bg7 4. e4 d6 5. Nf3 O-O 6. Be2 e5 7. O-O Na6 8. Be3
Ng4 9. Bg5 Qe8 10. dxe5 dxe5 11. h3 f6 12. Bd2 Nh6 13. c5 Nxc5 $5 {Recently
Black's new try to solve his opening problems.} ({After} 13... c6 {Black has a
serious difficulties according to the present theory.}) 14. Qc1 Nf7 15. Nd5 Ne6
16. Bb4 {The most principal continuation} ({After} 16. Nxc7 Nxc7 17. Qxc7 Nd8
$1 {[%cal Gf8f7] Black keeps equality}) 16... c6 17. Bxf8 Qxf8 18. Ne3 Nd6 19.
Qc2 f5 20. exf5 $5 $146 (20. Nc4 $143 fxe4 21. Nfxe5 Nd4 22. Qd2 c5 23. f4 Be6
24. Ne3 Rd8 25. Qe1 N6f5 $36 {1-0 Shabalov,A-Perelshteyn,E/Stratton Mountain
2003/CBM 94 ext (40)}) 20... gxf5 21. Bc4 $1 {A very interesting strategiclal
idea,White gives up his light-squared bishop,but Black will face a serious
problems with develping his queenside piecies.} Kh8 $2 {Strangely enough,but
this logical move appears to be a serious mistake,Black should keep another
knight on e6.} (21... Nxc4 $142 22. Qxc4 (22. Nxc4 e4 23. Nfd2 (23. Nfe5 $2 b5
{[%csl Ge5]}) 23... Nd4 {and Black is fine}) 22... Kh8 (22... Qf7 $143 23. Rad1
Nd4 (23... e4 24. Nh4 f4 25. Nef5 $18) 24. Qxf7+ Kxf7 25. Nxd4 exd4 26. Nc4 $16
) 23. Rad1 e4 (23... Nf4 $2 {[%cal Gc8e6]} 24. Ng5 h6 25. Rd8 $18) 24. Ne1 {
[%cal Gf2f3]} Nf4 $1 {[%cal Gc8e6]} (24... f4 {[%csl Ge4]} 25. N3c2 Ng5 26. h4
Bg4 27. Rd2 Ne6 28. Qxe4 $16) 25. f3 Be6 26. Qc2 Nd5 $44) 22. Bxe6 $1 (22. Rad1
Nd4) 22... Bxe6 23. Rad1 {That's the point of White's play,now Black knight is
vulnerable on d6 and it's very difficult for Black to hold his central pawns,
not giving up something.} Re8 ({Let's check other possibilities:} 23... f4 24.
Ng5 Bg8 25. Ng4 $16) (23... e4 24. Nd4 Bd7 25. f3 Re8 26. fxe4 Rxe4 27. Ndxf5
$1 $18 {[%csl Ge4]}) (23... Bg8 24. Nh4 (24. Rxd6 $143 Qxd6 25. Nxf5 Qg6 26.
N3h4 Qf6 27. Nxg7 Qxh4 28. Nf5 Qf4 $1 $11) 24... f4 25. Nhf5 $16) 24. Rfe1 $2 (
{Missing a great opportunity} 24. Ng5 $1 Qe7 (24... Bg8 $140 25. Qd3 {[%csl
Gf5]} Rd8 26. Nxf5 e4 27. Nxe4 Bc4 28. Qd2 $1 $18) (24... e4 25. Qc5) 25. Nxe6
Qxe6 26. Qd3 Bf8 27. Rfe1 $16) 24... Nb5 (24... Ne4 25. Nh4 (25. Nxf5 Bxf5 26.
Rxe4 Bxe4 27. Qxe4 Qf4 $1) 25... Nd6 26. Qd3 (26. Rxd6 Qxd6 27. Nhxf5 $14)
26... Qf6 27. Qxd6 Qxh4 28. Qc7 $1 $16) 25. a4 {Oherwise 25...e4 and 26 ...Nd4
coming} Nd4 26. Nxd4 exd4 27. Nc4 Bd5 {Black has managed to create passed pawn,
but still White's position remains preferable.} 28. Qd3 $6 (28. f3 $2 d3 $19 {
[%cal Gf8c5]}) (28. b3 $142 Rd8 29. f3 $14 {with idea to gain control of the
e-file}) 28... Be4 29. Qg3 (29. Qb3 Bd5 $1) 29... Bc2 $1 30. Rxe8 (30. Nd6 $2
Rxe1+ 31. Rxe1 f4 32. Qa3 d3 $19) 30... Qxe8 31. Rf1 h6 $1 {Very strong Black
solves the problem of 8th rank and now his queen is ready to enter into play.}
(31... d3 $143 32. Ne3 Bxb2 33. Qd6) 32. Nd2 (32. Nd6 Qe6 33. Nxb7 d3) 32...
Qe2 33. Nf3 Be4 $1 {A necessary prophylactic move,otherwise White would have
penetrated with his rook along the e-file.} (33... d3 34. Qd6 {[%cal Gf1e1]} (
34. Re1 $140 Qxe1+ 35. Nxe1 d2 $19)) 34. Ne5 d3 35. Ng6+ {Shabalov once again
shows his fighting spirit,trying to continue the struggle,but Black has enough
resources to hold equality.} (35. Qg6 d2 36. Nf7+ Kg8 37. Nxh6+ Kh8 $11) 35...
Kh7 36. Nf4 Qxb2 37. f3 (37. Qg6+ Kh8 38. Qe8+ Kh7 $11) 37... Qd4+ 38. Kh2 d2
39. Ne6 (39. fxe4 d1=Q 40. Rxd1 Qxd1 41. Ne6 Qa1 $1 $11) (39. Qg6+ Kh8 40. Qe8+
$11) 39... Qe5 40. fxe4 Qxe6 41. exf5 Qe5 42. Rd1 ({Of course not} 42. Qxe5 $2
Bxe5+ 43. g3 b5 $17) 42... Qxf5 43. Kh1 Be5 (43... Qc2 44. Qf3 a5 45. Qe2 Qxa4
46. Qd3+ $11) 44. Qe3 Bf4 (44... Qf4 $2 45. Qd3+ Kg7 (45... Kh8 46. g3) 46. g3
$1 {even dangerous for Black}) 45. Qe7+ Kg6 46. Qe8+ Kg7 47. Qe7+ Kg6 (47...
Qf7 48. Qe4 c5 49. Rf1 {[%cal Gg2g3]}) 48. Qe2 h5 (48... b5 49. Qe8+ $11) 49.
Rf1 Qd5 50. Qd1 Qe4 (50... Bd6 {[%cal Gd5e5]} 51. Qb1+ Kg7 52. Qxb7+ Kh6 53.
Qb1 Qe5 54. Kg1 $11) 51. Qb3 c5 52. Qg8+ Kf6 53. Qf8+ Kg6 54. Qg8+ Kf6 55. Qf8+
1/2-1/2

[Event "HUN-GER m"]
[Site "Budapest"]
[Date "2004.09.17"]
[Round "2"]
[White "Gyimesi, Zoltan"]
[Black "Graf, Alexander"]
[Result "1-0"]
[WhiteElo "2618"]
[BlackElo "2661"]
[Annotator "Avrukh,B"]
[PlyCount "75"]
[EventDate "2004.09.16"]
[EventType "team"]
[EventRounds "6"]
[EventCountry "HUN"]
[SourceTitle "CBM 104"]
[Source "ChessBase"]
[SourceDate "2005.01.27"]
[SourceVersion "1"]
[SourceVersionDate "2005.01.27"]
[SourceQuality "1"]
[WhiteTeam "Hungary"]
[BlackTeam "Germany"]
[WhiteTeamCountry "HUN"]
[BlackTeamCountry "GER"]

1. d4 Nf6 2. c4 g6 3. Nc3 Bg7 4. e4 d6 5. Nf3 O-O 6. Be2 e5 7. O-O exd4 8. Nxd4
Re8 9. f3 c6 ({The alternative is} 9... Nc6) 10. Kh1 Nh5 {Right now Black is
threatening 11...Qh4 and 11 Be3 is well met by 11...f5,so White's next move is
almost forced.} (10... d5 {not enough for equality.} 11. cxd5 cxd5 12. Bg5 {
Tal-Spassky 1979}) 11. g4 Nf6 12. Bf4 h5 13. g5 Nh7 14. Qd2 {[%csl Gg5]} Na6
15. Rad1 Qe7 16. Rg1 Nf8 {After a series of natural moves a very interesting
position has been arised. There are no doubts, that White has a clear space
advantage, but the White's main idea is connected with an advance of the
f-pawn, that will clearly weaken the e4-pawn. So White should make all the
necessary preparation for defending the e4-pawn.} (16... Bh3 $5 17. Nb3 (17.
Rg3 $142) 17... Be5 18. Be3 Nc5 19. Nxc5 $2 dxc5 20. Bd3 Rad8 {0-1 Galyas,
M-Dencsi,T/Budapest HUN 2003/The Week in Chess 444 (37)}) 17. Bg3 $146 {
In my opinion not the best solution, now Black's bishop finds a comfortable
square on h3.} ({More accurate is} 17. Bf1 $142 {[%csl Gh3]} Nd7 18. Bg3 Nb6
19. b3 Nc5 20. Bg2 {[%csl Rd6][%cal Gf3f5]} Be5 21. f4 Bg7 22. f5 $16 {[%csl
Rb6,Rc8] 1-0 Bareev,E-Poluljahov,A/St Petersburg 1998}) 17... Bh3 $1 18. Nb3 $6
{[%csl Gd6]} (18. Bf2 Rad8 19. Rg3 Bc8 20. f4 Nc5 21. Bf3 Nfd7 $1 {[%cal Gd7b6]
with very complicated play.} (21... Bg4 $143 22. Bxg4 hxg4 23. Re1 $16 {
[%csl Gg4]})) 18... Be5 19. f4 $2 {[%csl Re4] Definitely not the best moment
for this advance.} (19. Nc1 {[%cal Gc1d3]} Rad8 20. Nd3 $11 {[%cal Gd3f2]})
19... Bxc3 (19... Bg7 20. Bf3 Rad8 21. Bf2) 20. Qxc3 Nc5 $1 ({Most probably
White expected only} 20... Qxe4+ 21. Bf3 Qe7 (21... Qe3 22. Rd3 $1) 22. Rge1 (
22. f5 Bxf5 23. Bxd6 Qe3 $17) 22... Ne6 23. Nd4 Rad8 24. Bf2 $44 {with
reasonable compensation.}) 21. Nxc5 dxc5 22. Bf3 Ne6 {[%csl Gd4] In a few
moves Black has managed to activate all his pieces, now White faces serious
problems defending his position, largely on account of the vulnerable position
of his king.} 23. Rde1 (23. Rge1 Nd4 24. Bg2 Qe6 $36) 23... Rad8 {[%csl Gf4]
[%cal Gh5h4]} (23... Nd4 24. Bf2 Nxf3 (24... Rad8 $140 25. Bxh5 {[%csl Gh3]})
25. Qxf3 Bg4 26. Qc3 Rad8 27. h3 Bc8 28. Rg3 $11 {[%cal Gg3d3]}) 24. f5 Nd4 (
24... Nxg5 $140 $2 25. Bh4 f6 26. Bxh5 gxh5 27. Qxh3) 25. Bf2 Qe5 $4 {This
mistake is very hard to explain, since it's obvious, that Black's bishop is
almost traped on h3. Probably Black simply overlooked White's 26th move.} ({
After logical} 25... Nxf3 $142 26. Qxf3 Rd2 {[%csl Rh1]} 27. Qxh3 Rxf2 28. fxg6
fxg6 29. Rg2 Rf4 $17 {Black obtains a clear edge.}) 26. Bxh5 $1 {[%csl Gh3]
[%cal Gc3h3]} Bxf5 (26... gxh5 27. Qxh3 $18 {[%csl Gh5]}) 27. exf5 Qxf5 28.
Bxd4 cxd4 29. Qf3 $1 $16 Qc5 $6 (29... Rxe1 30. Rxe1 Qxg5 31. Rg1 (31. Rf1 $5)
31... Qe3 32. Bg4 $16 (32. Qf6 Rd6 $3 33. Qxd6 $140 Qe4+ {[%cal Ge4e1] with
perpetual})) 30. Bg4 Rxe1 31. Rxe1 Qxg5 32. Rf1 f5 {[%csl Rg8]} (32... Qe7 $142
33. Qd3 $16) 33. Bh3 {[%cal Gf1g1]} Kf7 $2 (33... Qe3 $142 34. Qg2 Qe4 35. Kg1
Qe3+ 36. Rf2 Kh7 37. Qg3 $16 {[%cal Gh3f1] and White should be able to convert
his advantage.}) 34. Bxf5 $1 {A very unexpeced and well-calculated tactical
blow.} gxf5 (34... Qxf5 35. Qd3 {[%csl Gf5,Gf7]}) {Now White wins by force.}
35. Rg1 Qh6 (35... Qf6 36. Qh5+ Kf8 37. Rg6 Qf7 38. Qh8+ Ke7 39. Qe5+ $18) 36.
Qxf5+ Ke7 37. Qe5+ Kf7 38. Qc7+ {[%csl Gd8]} 1-0

[Event "Olympiad-36"]
[Site "Mallorca"]
[Date "2004.10.27"]
[Round "12"]
[White "Eljanov, Pavel"]
[Black "Kempinski, Robert"]
[Result "1-0"]
[WhiteElo "2629"]
[BlackElo "2608"]
[Annotator "Avrukh,B"]
[PlyCount "105"]
[EventDate "2004.10.15"]
[EventType "team-swiss"]
[EventRounds "14"]
[EventCountry "ESP"]
[SourceTitle "CBM 104"]
[Source "ChessBase"]
[SourceDate "2005.01.27"]
[SourceVersion "1"]
[SourceVersionDate "2005.01.27"]
[SourceQuality "1"]
[WhiteTeam "Ukraine"]
[BlackTeam "Poland"]
[WhiteTeamCountry "UKR"]
[BlackTeamCountry "POL"]

1. d4 Nf6 2. c4 g6 3. Nc3 Bg7 4. e4 O-O 5. Nf3 d6 6. Be2 e5 7. O-O Qe8 {
Recently a pet line of the Polish grandmaster, played with considerable
success.} 8. dxe5 dxe5 9. b4 {In my opinion the most principle move, which
seems cause Black serious problems.} Qe7 10. b5 c6 {[%csl Gd5]} 11. Qb3 {
[%cal Gc1a3]} Rd8 12. Ba3 Qe8 $6 $146 {This seems to me like a dubious novelty,
Black loses control over the d6-square and this allows White to penetrate with
his bishop inside.} (12... Qc7 13. Rad1 Rxd1 14. Rxd1 Ne8 15. c5 Bg4 (15... Be6
16. Nd5 $3 cxd5 17. exd5 Bf5 18. Bc4 $1 Bg4 19. h3 Bxf3 20. Qxf3 $16 {1-0
Kobalija,M-Zakharevich,I/Samara 2000/CBM 78/[Huzman] (40) /+-}) 16. h3 Bxf3 17.
Bxf3 Nd7 18. Be2 Bf8 19. bxc6 bxc6 20. Nd5 Qc8 21. Nc3 Nxc5 22. Bxc5 Bxc5 23.
Bg4 Qb8 24. Bd7 Qxb3 25. axb3 Rb8 26. Bxc6 {1/2-1/2 Farago,I-Wittmann,W/
Budapest HUN 2004/The Week in Chess 496 (26)}) 13. Rfd1 Rxd1+ 14. Rxd1 Nbd7 (
14... Bg4 15. bxc6 Nxc6 (15... bxc6 16. Qb7 Nbd7 17. Qxc6 $16) 16. Nd5 $1 $16 (
16. Qxb7 Rb8 17. Qa6 Nd4 $44)) 15. bxc6 bxc6 16. Bd6 $1 Nh5 {[%cal Gh5f4]} (
16... Bf8 17. Qa3 a5 {[%cal Gc8a6]} 18. c5 Ba6 19. Bxa6 Rxa6 20. Qa4 {[%cal
Ga4c4]} (20. Nd2 Bxd6 21. cxd6 Qb8 $1 22. Nc4 Qb4)) 17. c5 (17. g3 Nf8 18. c5
Ne6 {[%cal Ge6d4]}) 17... Nf4 (17... Nf8 18. Bc4 Be6 19. Rb1 $16) 18. Bc4 Nf8
19. g3 N4e6 (19... Bg4 20. gxf4 Bxf3 21. Rd3 Bg4 22. fxe5 Bxe5 23. Bxe5 Qxe5
24. Qb7 $18) 20. Ne2 $1 $16 {[%csl Gd4]} Nd8 (20... Nd4 21. Nexd4 exd4 22. Nxd4
Qxe4 23. Bxf7+ $18) 21. Qc3 {[%csl Ge5]} (21. Bxe5 Bxe5 22. Nxe5 Qxe5 23. Rxd8
Rb8 24. Qf3 {[%csl Gf7]} Be6 25. Bxe6 (25. Rxb8 Qxb8 26. Bxe6 Nxe6 $44) 25...
Rb1+ 26. Kg2 Qxe6) 21... Nd7 22. Nc1 $1 Ne6 (22... Nb7 23. Ng5 {[%csl Gf7]})
23. Nd3 Nd4 24. Nxd4 exd4 25. Qb3 Nf8 26. e5 Bg4 27. Rb1 Ne6 28. f4 Bf5 29. Qb7
$18 Bf8 30. Rc1 (30. Bb8 Bxd3 31. Bxd3 Nxc5 32. Qxa8 Nxd3 33. Qxa7 c5) 30... a5
(30... Qc8 31. Ba6 $1) 31. Nf2 {[%cal Gg3g4]} h5 (31... Nxc5 32. Bxc5 Bxc5 33.
Bxf7+ $1 $18) 32. h3 Bxd6 {Positional capitalution, but it was very difficult
to find any reasonable defence against coming g3-g4 advance.} (32... Bh6 33. g4
hxg4 34. hxg4 Bxf4 35. gxf5 Bxc1 36. fxe6 fxe6 37. Ne4) 33. cxd6 $18 Rb8 34.
Qa7 (34. d7 Qf8 35. Qxc6 Qa3) 34... Ra8 35. Qe7 Qxe7 36. dxe7 Re8 (36... Ng7
37. g4 hxg4 38. hxg4 Be6 39. Ne4 $18) (36... d3 37. g4 hxg4 38. hxg4 Nxf4 39.
gxf5 Ne2+ 40. Kf1 Nxc1 41. fxg6 $18 {[%cal Gg6f7]}) 37. g4 $18 hxg4 38. hxg4
Nxf4 39. gxf5 gxf5 40. Rd1 c5 41. Nd3 Nxd3 42. Rxd3 Rxe7 43. Ra3 $1 Rxe5 44.
Rxa5 Kg7 45. Kf2 Kf6 46. Rb5 Kg5 47. a4 Kf4 48. a5 Re3 49. Rb3 Re7 50. a6 f6
51. Rb7 Re3 52. a7 Ra3 53. Re7 1-0